00455nam a2200181 a 4500001001300000003000900013005001700022008004100039020002400080082001600104100001900120245003100139260003000170300000900200500003500209505001000244700001900254nice12345678IN_TiNIC20260116013143.0050524s1991 hama grp 000 0 eng  a0860781 c368500a297.82bKOH aKohlberg, Etan aBelief and Law Imami Shism aHampshirebVariorumc1991 a160p aincludes index and biblioraphy2 aIndex1 aKohlberg, Etan